Key concepts in critical management studies / (Record no. 25440)
[ view plain ]
| 000 -LEADER | |
|---|---|
| fixed length control field | 01406nam a2200277 a 4500 |
| 003 - CONTROL NUMBER IDENTIFIER | |
| control field | SISC |
| 005 - DATE AND TIME OF LATEST TRANSACTION | |
| control field | 20170119153212.0 |
| 008 - FIXED-LENGTH DATA ELEMENTS--GENERAL INFORMATION | |
| fixed length control field | 120906s19uu xx 00 eng d |
| 020 ## - INTERNATIONAL STANDARD BOOK NUMBER | |
| International Standard Book Number | 9781849205696 |
| 050 ## - LIBRARY OF CONGRESS CALL NUMBER | |
| Classification number | HD 31 |
| Item number | .T121 2011 |
| 100 ## - MAIN ENTRY--PERSONAL NAME | |
| Personal name | Tadajewski, Mark. |
| 245 ## - TITLE STATEMENT | |
| Title | Key concepts in critical management studies / |
| Statement of responsibility, etc | Mark Tadajewski. |
| 260 ## - PUBLICATION, DISTRIBUTION, ETC. (IMPRINT) | |
| Place of publication, distribution, etc | Los Angeles, [Calif.] : |
| Name of publisher, distributor, etc | SAGE, |
| Date of publication, distribution, etc | 2011. |
| 300 ## - PHYSICAL DESCRIPTION | |
| Extent | 229 pages ; |
| Dimensions | 21 cm. |
| 440 ## - SERIES STATEMENT/ADDED ENTRY--TITLE | |
| Title | SAGE key concepts. |
| 500 ## - GENERAL NOTE | |
| General note | Includes bibliographical references and index. |
| 520 ## - SUMMARY, ETC. | |
| Summary, etc | Ideal as an introduction and as a quick reference, Key Concepts in Critical Management Studies explores the essential concepts used within the field today. Specially edited and written by a range of international experts, key ideas are succinctly explained and illustrated beyond a simple definition. Further reading suggestions and cross-referencing provide the reader with means to develop their knowledge further. With over 50 entries, from Actor Network Theory to Utopianism, readers have instant access and explanation of the most influential concepts in CMS literature. Clear and engaging, this. |
| 650 ## - SUBJECT ADDED ENTRY--TOPICAL TERM | |
| Topical term or geographic name as entry element | Management. |
| 650 ## - SUBJECT ADDED ENTRY--TOPICAL TERM | |
| Topical term or geographic name as entry element | Social sciences and management. |
| 650 ## - SUBJECT ADDED ENTRY--TOPICAL TERM | |
| Topical term or geographic name as entry element | Critical theory. |
| 700 ## - ADDED ENTRY--PERSONAL NAME | |
| Personal name | Maclaran, Pauline. |
| 700 ## - ADDED ENTRY--PERSONAL NAME | |
| Personal name | Parsons, Elizabeth. |
| 700 ## - ADDED ENTRY--PERSONAL NAME | |
| Personal name | Parker, Martin. |
| 942 ## - ADDED ENTRY ELEMENTS (KOHA) | |
| Koha item type | Books |
| Source of classification or shelving scheme | Library of Congress Classification |
| Call number prefix | Foreign |
| Withdrawn status | Lost status | Source of classification or shelving scheme | Damaged status | Home library | Current library | Shelving location | Date acquired | Source of acquisition | Cost, normal purchase price | Total Checkouts | Full call number | Barcode | Date last seen | Copy number | Price effective from | Koha item type |
|---|---|---|---|---|---|---|---|---|---|---|---|---|---|---|---|---|
| Library of Congress Classification | College Library | College Library | General Circulation Section | 09/06/2012 | Donation | 2991.00 | HD 31 .T121 2011 | C15508 | 05/15/2018 | 1 | 10/18/2013 | Books |